ক্রীড়াঙ্গন থেকে রণাঙ্গন : (Record no. 86456)
[ view plain ]
| 000 -LEADER | |
|---|---|
| fixed length control field | 01376nam a2200253 a 4500 |
| 001 - CONTROL NUMBER | |
| control field | 86456 |
| 003 - CONTROL NUMBER IDENTIFIER | |
| rucl marc code | BD-RjUL |
| 005 - DATE AND TIME OF LATEST TRANSACTION | |
| control field | 20260510114219.0 |
| 008 - FIXED-LENGTH DATA ELEMENTS--GENERAL INFORMATION | |
| fixed length control field | 260510s2022 bg ||||| |||| 00| 0 ben d |
| 020 ## - INTERNATIONAL STANDARD BOOK NUMBER | |
| International Standard Book Number | 9789847768946 |
| 035 ## - SYSTEM CONTROL NUMBER | |
| System control number | (BD-RjUL)86456 |
| 040 ## - CATALOGING SOURCE | |
| Original cataloging agency | BD-RjUL |
| Language of cataloging | eng |
| Transcribing agency | BD-RjUL |
| 041 ## - LANGUAGE CODE | |
| Language code of text/sound track or separate title | eng |
| 082 ## - DEWEY DECIMAL CLASSIFICATION NUMBER | |
| Edition number | 23 |
| Classification number | 954.9205 |
| Author mark and year | KRI 2022 |
| 245 ## - TITLE STATEMENT | |
| Title | ক্রীড়াঙ্গন থেকে রণাঙ্গন : |
| Remainder of title | শহিদ জুয়েল বীর বিক্রম স্মারকগ্রন্থ / |
| Statement of responsibility, etc. | গ্রন্থনা রুবিনা হোসেন ; সম্পাদক মুহাম্মদ কামরুজ্জামান |
| 260 ## - PUBLICATION, DISTRIBUTION, ETC. (IMPRINT) | |
| Place of publication, distribution, etc. | ঢাকা : |
| Name of publisher, distributor, etc. | বাংলাদেশ ক্রিকেট সাপোর্টার্স অ্যাসোসিয়েশন, |
| Date of publication, distribution, etc. | ২০২২ |
| 300 ## - PHYSICAL DESCRIPTION | |
| Pagination | ৩৪২ পৃ. : |
| Illustrations | চিত্রসমূহ ; |
| Size | ২৪ সেমি. |
| 600 ## - SUBJECT ADDED ENTRY--PERSONAL NAME | |
| Personal name | চৌধুরী, আব্দুল হালিম, ১৯৫০-১৯৭১ |
| 650 ## - SUBJECT ADDED ENTRY--TOPICAL TERM | |
| Topical term or geographic name as entry element | বাংলাদেশ |
| General subdivision | ইতিহাস |
| Chronological subdivision | বিপ্লব, ১৯৭১ |
| 9 (RLIN) | 18422 |
| Topical term or geographic name as entry element | Bangladesh |
| General subdivision | History |
| Chronological subdivision | Revolution, 1971 |
| 9 (RLIN) | 18423 |
| 700 ## - ADDED ENTRY--PERSONAL NAME | |
| Personal name | হোসেন, রুবিনা |
| Personal name | কামরুজ্জামান, মুহাম্মদ. |
| 942 ## - ADDED ENTRY ELEMENTS (KOHA) | |
| Source of classification or shelving scheme | Dewey Decimal Classification |
| Koha item type | Books |
| Lost status | Source of classification or shelving scheme | Damaged status | Not for loan | Collection code | Permanent Location | Current Location | Shelving location | Date acquired | Source of acquisition | Total Checkouts | Full call number | Date last seen | Copy number | Koha item type |
|---|---|---|---|---|---|---|---|---|---|---|---|---|---|---|
| Dewey Decimal Classification | Not For Loan | Non-fiction | Central Library, University of Rajshahi | Central Library, University of Rajshahi | Reading Room | 19/04/2026 | Author | B 954.9205 KRI 2022 | 10/05/2026 | C-1 | Books |